00452nam a2200157 a 4500008004100000050001500041100001900056245009400075250001200169260003700181300001000218350000900228650001900237650001400256700002400270120416s1982 ||||||||||||||||| || u aHB 172 Lef aEckert, Ross D14aThe Price system and resource allocation. (8th ed.)cRichard H. Leftwich & Ross D. Eckert a8th ed. aChicago:bThe Dryden Pressc1982 a596p. a0.00 aMICROECONOMICS 0aECONOMICS aLeftwich, Richard H